Statystyki dla Kraje Ameryki płd zarażone Covid-19 (05.06.2020)

Kliknij tutaj aby rozwiązać quiz!

Ogólne statystyki

  • Ten quiz został rozwiązany 23 razy
  • Średni wynik to 12 z 14

Statystyki odpowiedzi

Liczba zarażonychKraj% Poprawnych
20,1 tysArgentyna
96%
618 tysBrazylia
96%
118 tysChile
96%
183 tysPeru
96%
12,2 tysBoliwia
91%
35,1 tysKolumbia
91%
1,08 tysParagwaj
91%
832Urugwaj
91%
2,08 tysWenezuela
91%
153Gujana
87%
40,9 tysEkwador
83%
82Surinam
78%
589Gujana Francuska
61%
13Falklandy
13%

Rozkład punktacji

Percentyl według liczby udzielonych odpowiedzi

Procent ludzi z każdym wynikiem

Twoja historia wyników

Nie rozwiązałeś tego quizu